00902naa a22002297a 4500001001000000003000900010005001700019007000300036008003400039040005400073041000900127072001500136100001800151111008100169245008300250260004200333500011900375650001900494650002300513650002000536773011600556BR6010190BR-BrBNA20240918173153.0ta230509b bl.||||| |||| 00| 0 por d aBR-BrBNAbporcBiblioteca Nacional de Agricultura a(Pt) aF22b/G5141 aBergoglio, H.1 a5. Congresso Brasileiro de Ciencia do SolocPelotas, RS (Brazil)d4 Jul 19551 aComparacao entre tres dispergentes usados na analise mecanica do solo [Brasil]3 aRio de Janeiro, GB (Brasil): c1959.  aAnais do 5. Congresso Brasileiro de Ciencia do Solo Rio de Janeiro, GB (Brasil): 1959. p. 70-74 (BR6010190-AM)F22  aFisica do solo aHidroxido de sodio aAnalise do solo0 tAnais do 5. Congresso Brasileiro de Ciencia do SolowF22 BR6010190gRio de Janeiro, GB (Brasil), 1959. p. 70-74